000 00753nam a22001937a 4500
999 _c178476
_d178476
005 20210331155134.0
010 _aENG-129361
020 _a978-93-5388-380-5
_c1195.00
035 _aEN-112893
037 _bDBAD/PUB
082 _a322.10954
245 _aNation, Nationalism and the Public Sphere: Religious Politics in India/
_cEdited by Avishek Ray and Ishita Banerjee-Dube
260 _aNew Delhi
_bSage Publication India
_c2020
270 _aB1/1-1 Mohan Cooperative Industrial Area Mathura Road
_bNew Delhi
_e110044
300 _avi+265p.
_c22cm(hbk)
_bIncluding illustrations, bibliographical references and index.
700 _aRay, Avishek, Ed.
700 _aBanerjee-Dube, Ishita, Ed.
942 _2ddc
_cEN
_h322.10954
_mNAT